<?xml version="1.0" encoding="UTF-8"?>
<collection xmlns="http://www.loc.gov/MARC21/slim">
    <record>
        <controlfield tag="001">67187</controlfield>
        <controlfield tag="005">20180223105048.0</controlfield>
        <datafield tag="037" ind1=" " ind2=" ">
            <subfield code="a">GDOC-2016-28504</subfield>
        </datafield>
        <datafield tag="041" ind1=" " ind2=" ">
            <subfield code="a">spa</subfield>
        </datafield>
        <datafield tag="100" ind1=" " ind2=" ">
            <subfield code="0">(orcid)0000-0003-0263-3816</subfield>
            <subfield code="1">139202</subfield>
            <subfield code="a">Palacios Mostacero, María Lourdes</subfield>
        </datafield>
        <datafield tag="245" ind1="0" ind2="0">
            <subfield code="9">28504</subfield>
            <subfield code="a">Elementos de derecho administrativo</subfield>
        </datafield>
        <datafield tag="260" ind1=" " ind2=" ">
            <subfield code="a">Zaragoza</subfield>
            <subfield code="b">Universidad de Zaragoza</subfield>
            <subfield code="c">2016-2017</subfield>
        </datafield>
        <datafield tag="520" ind1=" " ind2=" ">
            <subfield code="a">Breve presentación de la asignatura
Se trata de una asignatura básica, situada en el primer curso del Grado, y única, junto con ciertos contenidos del módulo “Políticas Sociolaborales” y la optativa “Empleo Público”, que se encuadra dentro de la rama del Derecho Público. Todos estos condicionantes implican un plus de exigencia tanto para los estudiantes como para los docentes.
Su estudio resulta necesario para que los estudiantes se familiaricen con las disciplinas jurídicas en general y con el Derecho público-administrativo en particular. A lo largo del Grado van a estudiar plurales asignaturas jurídicas, y la superación de las competencias de “Elementos de Derecho Administrativo” ayudará al estudio del resto de materias afines.
El carácter de la asignatura, presente en su propia denominación, requiere cierta amplitud conceptual, compatible con el estudio de los aspectos esenciales del Derecho Administrativo: planteamiento constitucional, sujetos de la relación jurídico-administrativa (ciudadanos y Administración pública) y sus posiciones respectivas, sistema de fuentes, actuación administrativa (teoría del acto administrativo, procedimiento) y sistema de recursos.
Aunque el programa está estructurado en distintos bloques, integrados a su vez por temas, se persigue una incorporación de conceptos transversal, subrayando la importancia de relacionar unos contenidos con otros. </subfield>
            <subfield code="b"> </subfield>
        </datafield>
        <datafield tag="521" ind1=" " ind2=" ">
            <subfield code="9">138</subfield>
            <subfield code="a">Relaciones Laborales y Recursos Humanos</subfield>
        </datafield>
        <datafield tag="540" ind1=" " ind2=" ">
            <subfield code="a">by-nc-sa</subfield>
            <subfield code="b">Creative Commons</subfield>
            <subfield code="c">3.0</subfield>
            <subfield code="u">http://creativecommons.org/licenses/by-nc-sa/3.0/</subfield>
        </datafield>
        <datafield tag="700" ind1=" " ind2=" ">
            <subfield code="0">(orcid)0000-0001-5955-644X</subfield>
            <subfield code="1">378554</subfield>
            <subfield code="a">Setuáin Mendía, Beatriz</subfield>
        </datafield>
        <datafield tag="700" ind1=" " ind2=" ">
            <subfield code="0">(orcid)0000-0002-0773-0108</subfield>
            <subfield code="1">383625</subfield>
            <subfield code="a">García Fernández, Fernando Javier</subfield>
        </datafield>
        <datafield tag="700" ind1=" " ind2=" ">
            <subfield code="1">411775</subfield>
            <subfield code="a">Gracia Herrero, Francisco Javier</subfield>
        </datafield>
        <datafield tag="830" ind1=" " ind2=" ">
            <subfield code="9">428</subfield>
        </datafield>
        <datafield tag="856" ind1="4" ind2=" ">
            <subfield code="s">14867</subfield>
            <subfield code="u">http://zaguan.unizar.es/record/67187/files/guia-28504-es.pdf</subfield>
            <subfield code="y">Guía (idioma español)</subfield>
        </datafield>
        <datafield tag="856" ind1="4" ind2=" ">
            <subfield code="s">6279</subfield>
            <subfield code="u">http://zaguan.unizar.es/record/67187/files/guia-28504-en.pdf</subfield>
            <subfield code="y">Guide (english)</subfield>
        </datafield>
        <datafield tag="970" ind1=" " ind2=" ">
            <subfield code="a">GDOC-2016-28504</subfield>
        </datafield>
        <datafield tag="980" ind1=" " ind2=" ">
            <subfield code="a">GDOC</subfield>
            <subfield code="b">Ciencias sociales y jurídicas</subfield>
            <subfield code="c">108</subfield>
        </datafield>
    </record>

    
</collection>